| Tag |
First Indicator |
Second Indicator |
Subfields |
| LEADER |
00000cam a22000008a 4500 |
| 001 |
in00000081906 |
| 005 |
20151008054207.0 |
| 008 |
810803s1981 maua b 10010 eng |
| 010 |
|
|
|a 81012863
|
| 020 |
|
|
|a 0884106497
|
| 035 |
|
|
|a (OCoLC)07738567
|
| 035 |
|
|
|9 AAH9930AM
|
| 039 |
0 |
|
|a 2
|b 3
|c 3
|d 3
|e 3
|
| 040 |
|
|
|a DLC
|c DLC
|d TXA
|d UtOrBLW
|
| 049 |
|
|
|a TXAM
|c [1672380]
|
| 050 |
0 |
0 |
|a TJ163.15
|b .I5635 1980
|
| 082 |
0 |
|
|a 333.79
|2 19
|
| 111 |
2 |
|
|a International Energy Symposium
|n (1st :
|d 1980 :
|c Knoxville, Tenn.)
|
| 245 |
1 |
0 |
|a World energy production and productivity :
|b proceedings of the International Energy Symposium I, October 14, 1980 /
|c symposium chairman, John C. Sawhill ; edited by Robert A. Bohm, Lillian A. Clinard, Mary R. English.
|
| 263 |
|
|
|a 8108
|
| 264 |
|
1 |
|a Cambridge, Mass. :
|b Ballinger Pub. Co.,
|c [1981]
|
| 264 |
|
4 |
|c ©1981
|
| 300 |
|
|
|a xxxiv, 410 pages :
|b illustrations ;
|c 24 cm.
|
| 336 |
|
|
|a text
|b txt
|2 rdacontent
|
| 337 |
|
|
|a unmediated
|b n
|2 rdamedia
|
| 338 |
|
|
|a volume
|b nc
|2 rdacarrier
|
| 490 |
1 |
|
|a International energy symposia series ;
|v v. 1
|
| 504 |
|
|
|a Includes bibliographical references.
|
| 650 |
|
0 |
|a Power resources
|v Congresses.
|
| 650 |
|
0 |
|a Energy policy
|v Congresses.
|
| 700 |
1 |
|
|a Sawhill, John C.,
|d 1936-
|
| 700 |
1 |
|
|a Bohm, Robert A.
|
| 700 |
1 |
|
|a Clinard, Lillian A.
|
| 700 |
1 |
|
|a English, Mary R.
|
| 830 |
|
0 |
|a International energy symposia series ;
|v v. 1.
|
| 999 |
|
|
|a MARS
|
| 999 |
f |
f |
|s 9f11b6b8-1c57-3317-bd01-d7ff26bdb58f
|i 15bcf479-fb05-35db-b75b-f69cf07247b5
|t 0
|
| 952 |
f |
f |
|p ric
|a Texas A&M University
|b Rellis Campus
|c Joint Library Facility
|d Remote Storage
|t 0
|e TJ163.15 .I5635 1980
|h Library of Congress classification
|i unmediated -- volume
|m A14806248344
|
| 998 |
f |
f |
|a TJ163.15 .I5635 1980
|t 0
|l Remote Storage
|